| 000 | 02202cam a22004334i 4500 | ||
|---|---|---|---|
| 003 | PE-LiUPU | ||
| 005 | 20250731172736.0 | ||
| 008 | 150617s1967 sp r 000 0 spa d | ||
| 035 | _a(Sirsi) a11757 | ||
| 040 |
_aPE-LiUPU _bspa _cPE-LiUPU _erda |
||
| 049 | _aPRUA | ||
| 082 | 0 | 4 |
_a220.1 _bD34 _221 |
| 100 | 1 |
_ade Tuya, Manuel, _eautor. |
|
| 245 | 1 | 0 |
_aIntroducción a la Biblia II : _bhermenéutica bíblica. Historia de la interpretación de la Biblia. Instituciones israelitas. Geografía de Palestina. _n2 / _cManuel de Tuya y José Salguero |
| 264 | 1 |
_aMadrid : _bEditorial Católica, _c1967. |
|
| 300 |
_a631 páginas ; _c20 centímetros. |
||
| 336 |
_atext _2rdacontent |
||
| 337 |
_aunmediated _2rdamedia |
||
| 338 |
_avolume _2rdacarrier |
||
| 490 | 0 | _aBiblioteca de autores cristianos | |
| 505 | 0 | _aHermenéutica -- Sentido "pleno": sentidos "consecuente" y "acomodado" -- Sentido "típico" -- Heurística -- Proforística -- Exégesis bíblicas entre los judíos -- Exégesis bíblica cristiana -- Instituciones familiares -- La familia -- El matrimonio -- Los hijos -- Instituciones civiles y militares -- Institución de la monarquía -- El rey -- El personal de la corte -- El ejército israelita -- Instituciones religiosas -- Los santuarios israelitas -- El templo de Jerusalén -- El sacerdocio israelita -- El sacrificio en Israel y su significación religiosa -- Otras formas secundarias de culto -- El calendario israelita: tiempos sagrados -- Las fiestas del antiguo Israel -- Pesas, medidas y monedas -- Las sectas religiosas judías -- Nombres de Tierra Santa -- Geografía político-histórica. | |
| 526 | _aSEG42 | ||
| 526 | _aSEG41 | ||
| 526 | _aSEG40 | ||
| 526 | _aSEG39 | ||
| 526 | _aP94 | ||
| 526 | _aP87 | ||
| 526 | _aP86 | ||
| 526 | _aP85 | ||
| 526 | _aP77 | ||
| 526 | _aP76 | ||
| 526 | _aP35 | ||
| 630 |
_aBiblia _xIntroducciones. _92045 |
||
| 700 | 1 |
_aSalguero, José, _eautor. |
|
| 942 |
_2ddc _cBK |
||
| 949 |
_a220.1 D34 2 _wDEWEY _c1 _i11166 _lCCODEBUL1 _mBUL _p00.00 _r0 _sY _tBOOK _u19900304 _xTEOLOGIA _0COMPRA _o.STAFF. Colección General |
||
| 999 |
_c1939 _d1939 |
||
| 980 |
_81 _gALBERTO SANCHEZ Responsable de Automatización |
||